Movies By 1 Actor and 1 Actress - Ethan Hawke Edition - Statistics

General Stats
  • This quiz has been taken 12 times
  • The average score is 8 of 26
Answer Stats
Cast Movie % Correct
Denzel Washington, Eva Mendes Training Day
82%
Robin Williams, Alexandra Powers Dead Poet's Society
73%
Julie Delpy, Adam Goldberg Before Sunrise
64%
Uma Thurman, Jude Law Gattaca
55%
Mason Thames, Medeleine McGraw The Black Phone
55%
Philip Seymour Hoffman, Marisa Tomei Before The Devil Knows You're Dead
36%
Julie Rylance, Fred Thompson Sinister
36%
Angelina Jolie, Kiefer Sutherland Taking Lives
36%
Alexander Skarsgard, Anya Taylor-Joy The Northman
36%
Willem Dafoe, Claudia Karvan Daybreakers
27%
Diane Venora, Bill Murray Hamlet
27%
Nicolas Cage, Bridget Moynahan Lord of War
27%
Noomi Rapace, Mark Strong Stockholm
27%
Denzel Washington, Carrie Lazar The Magnificent Seven
27%
Matthew McConaughey, Chloe Webb The Newton Boys
27%
Lena Headey, Chris Mulkey The Purge
27%
Xu Qing, Rutger Hauer 24 Hours to Live
18%
Laurence Fishburne, Maria Bello Assault on Precinct 13
18%
Wesley Snipes, Eiza Gonzales Cut Throat City
18%
River Phoenix, Amanda Peterson Explorers
18%
Selena Gomez, Jon Voight Getaway
18%
Emma Watson, David Thewlis Regression
18%
Seymour Cassel, Susan Hogan White Fang
18%
Kris Kristofferson, Uma Thurman Chelsea Walls
9%
Patricia Arquette, Luis Guzman Fast Food Nation
9%
Dane DeHaan, Leila George The Kid
9%
No matching quizzes found
Score Distribution
Percent of People with Each Score
Percentile by Number Answered
Your Score History
You have not taken this quiz